| 000 | 00776nam a2200241 i 4500 | ||
|---|---|---|---|
| 003 | MX-MxUPN | ||
| 005 | 20250919115627.0 | ||
| 008 | 250826s2025 mx|a||||r|||| 000 0 spa d | ||
| 020 | _a9786075948553 | ||
| 040 |
_aMX-MxUPN _bspa _cMX-MxUPN |
||
| 041 | 0 | _aspa | |
| 050 | 1 | 4 |
_aF1219.3 A85 _bT69 2025 |
| 100 | 1 |
_aTozkayamanki, Ehekatl _957892 |
|
| 245 | 1 | 3 |
_aLa voz de los símbolos : _bpalabras vivas de nuestros ancestros |
| 250 | _aPrimera edición. | ||
| 260 |
_aCiudad de México : _bAltepetl, _c2025 |
||
| 300 |
_a427 páginas : _bilustraciones |
||
| 650 | 4 |
_aCalendario azteca _94662 |
|
| 650 | 4 |
_aIndígenas de México _xAstronomía _916383 |
|
| 902 |
_aMarisolLicea26082025 _bVíctor Ruiz/190925 |
||
| 942 |
_2lcc _cLIBRO _n0 |
||
| 999 |
_c213885 _d213885 |
||